| 000 | 00352nam a2200145Ia 4500 | ||
|---|---|---|---|
| 008 | 191201s2011 xx 000 0 und d | ||
| 082 |
_a004.6 _bFOD |
||
| 100 | _aFOROUZAN,Behrouz,A | ||
| 245 | 0 | _aData communication and Networking | |
| 250 | _a25th | ||
| 260 |
_aN. delhi _bTMH _c2011 |
||
| 300 | _a1134 | ||
| 650 | _aM.Tech (ECE) | ||
| 942 |
_2ddc _cBK _09 |
||
| 999 |
_c5031 _d5031 |
||